[Event "Rated Blitz tournament Tsg4h2PI"]
[Site "?"]
[Date "2021.07.17"]
[Round "?"]
[White "Mixer_BKD"]
[Black "Secret2700"]
[Result "0-1"]
[WhiteElo "2516"]
[BlackElo "2544"]
[PlyCount "54"]
[EventDate "2021.??.??"]
[EventType "blitz"]

1. e4 e5 2. Nf3 d5 3. Qe2 dxe4 4. Qxe4 Nf6 5. Qxe5+ Be7 6. Bd3 O-O 7. O-O Re8
8. Nc3 Nc6 9. Qb5 a6 10. Qa4 Bg4 11. Ng5 b5 12. Qb3 Bh5 13. a3 h6 14. Nge4 Nd4
15. Qa2 c5 16. Re1 c4 17. Bf1 Nxc2 18. Nxf6+ Bxf6 19. Rxe8+ Qxe8 20. Rb1 Bd4
21. Nd5 Qe1 22. Ne3 Bxe3 23. dxe3 Be2 24. Bd2 Qxd2 25. Bxe2 Qxe2 26. b3 Rd8 27.
bxc4 Rd1+ {Normal} 0-1

[Event "Rated Blitz tournament Tsg4h2PI"]
[Site "?"]
[Date "2021.07.17"]
[Round "?"]
[White "Brave_spirit12"]
[Black "om_gendut"]
[Result "0-1"]
[WhiteElo "2361"]
[BlackElo "2432"]
[PlyCount "124"]
[EventDate "2021.??.??"]
[EventType "blitz"]

1. e4 e5 2. Nf3 d5 3. Bc4 dxc4 4. Nxe5 Be6 5. d4 cxd3 6. cxd3 c5 7. Nc3 Nd7 8.
Nf3 Ngf6 9. O-O Be7 10. Bf4 O-O 11. d4 cxd4 12. Nxd4 Bc4 13. Re1 Nc5 14. e5 Nd5
15. Nxd5 Qxd5 16. Nf5 Rfe8 17. Rc1 Qxd1 18. Rexd1 b5 19. b3 Nd3 20. bxc4 Nxf4
21. Kf1 bxc4 22. Rxc4 Ne6 23. Rd7 Bf8 24. g3 a5 25. f4 Rac8 26. Ra4 Nc5 27.
Rdd4 Nxa4 28. Rxa4 g6 29. Ne3 Rc5 30. Ng4 Be7 31. Rd4 h5 32. Ne3 Rd8 33. Re4
Rd3 34. f5 Bg5 35. Ng2 Rc2 36. Re2 Rd1+ 37. Kf2 Rxe2+ 38. Kxe2 Ra1 39. e6 Rxa2+
40. Kf3 fxe6 41. fxe6 Ra3+ 42. Ke4 Be7 43. Nf4 Kg7 44. Nd5 Kf8 45. Nf4 g5 46.
Ng6+ Ke8 47. Kf5 Ra2 48. h4 gxh4 49. gxh4 Ra4 50. Ne5 Bxh4 51. Nf7 Be7 52. Nd6+
Bxd6 53. Kf6 Rf4+ 54. Kg6 Ke7 55. Kh7 a4 56. Kg6 a3 57. Kh6 h4 58. Kg6 h3 59.
Kg5 h2 60. Kg6 h1=Q 61. Kg5 Qg2+ 62. Kh6 Rh4# {Normal} 0-1

[Event "Rated Blitz tournament Tsg4h2PI"]
[Site "?"]
[Date "2021.07.17"]
[Round "?"]
[White "PateaQlitos"]
[Black "babageldi2277"]
[Result "0-1"]
[WhiteElo "2315"]
[BlackElo "2766"]
[PlyCount "22"]
[EventDate "2021.??.??"]
[EventType "blitz"]

1. e4 e5 2. Nf3 d5 3. exd5 e4 4. Qe2 Be7 5. Qxe4 Nf6 6. Qa4+ c6 7. d6 Bxd6 8.
Be2 O-O 9. O-O b5 10. Qh4 Re8 11. Re1 Re4 {Normal} 0-1

[Event "Rated Blitz game"]
[Site "?"]
[Date "2021.07.17"]
[Round "?"]
[White "barselona2009"]
[Black "batasjon"]
[Result "1-0"]
[WhiteElo "2272"]
[BlackElo "2408"]
[PlyCount "31"]
[EventDate "2021.??.??"]
[EventType "blitz"]

1. e4 e5 2. Nf3 d5 3. d4 dxe4 4. Nxe5 Bd6 5. f4 Bxe5 6. fxe5 Qh4+ 7. g3 Qd8 8.
Nc3 Nc6 9. Be3 f5 10. Bc4 Na5 11. Bxg8 Rxg8 12. Qh5+ Kf8 13. O-O-O Be6 14. d5
Bf7 15. Qxf5 g6 16. Qxe4 {Normal} 1-0

[Event "Rated Blitz tournament Tsg4h2PI"]
[Site "?"]
[Date "2021.07.17"]
[Round "?"]
[White "charan007"]
[Black "Secret2700"]
[Result "0-1"]
[WhiteElo "2372"]
[BlackElo "2548"]
[PlyCount "40"]
[EventDate "2021.??.??"]
[EventType "blitz"]

1. e4 e5 2. Nf3 d5 3. exd5 e4 4. Qe2 Nf6 5. Nc3 Be7 6. Nxe4 O-O 7. Nxf6+ Bxf6
8. Kd1 Re8 9. Qd3 Bg4 10. h3 Bh5 11. c3 Bg6 12. Qc4 Nd7 13. d4 b5 14. Qb3 a5
15. a4 b4 16. c4 c5 17. dxc6 Nc5 18. Qa2 b3 19. Qa3 Bc2+ 20. Kd2 Bxd4 {Normal}
0-1

[Event "Rated Blitz tournament Tsg4h2PI"]
[Site "?"]
[Date "2021.07.17"]
[Round "?"]
[White "youareagmharry"]
[Black "om_gendut"]
[Result "1-0"]
[WhiteElo "2567"]
[BlackElo "2456"]
[PlyCount "159"]
[EventDate "2021.??.??"]
[EventType "blitz"]

1. e4 e5 2. Nf3 d5 3. d4 dxe4 4. Nxe5 Bd6 5. Nc4 Be7 6. Nc3 Nf6 7. Bg5 Bf5 8.
Be2 O-O 9. O-O Nbd7 10. Ne5 h6 11. Be3 Bd6 12. f4 exf3 13. Bxf3 Nxe5 14. dxe5
Bxe5 15. Bxb7 Rb8 16. Rxf5 Qe7 17. Qf3 Bxc3 18. bxc3 Rxb7 19. Bc5 Qe4 20. Bxf8
Qxf3 21. Rxf3 Kxf8 22. Rd1 Rb2 23. Re3 g6 24. Rd8+ Kg7 25. Rc8 Rb1+ 26. Kf2
Ng4+ 27. Ke2 Nxe3 28. Kxe3 Rb2 29. Kd3 Rxa2 30. Rxc7 h5 31. c4 Kf6 32. c5 Ke6
33. c6 Ra3+ 34. c3 Ra6 35. Rc8 Kd6 36. c7 Rc6 37. Rd8+ Kxc7 38. Ra8 Kb7 39. Rf8
Rd6+ 40. Ke4 Rd7 41. Ke5 Rc7 42. Kd4 a5 43. Re8 Kb6 44. c4 a4 45. Ra8 Ra7 46.
c5+ Kb7 47. Rf8 Kc6 48. Rc8+ Kd7 49. Rf8 Ke7 50. Rb8 a3 51. Rb1 a2 52. Ra1 Kd7
53. Kd5 Ra5 54. Kc4 Kc6 55. Kb4 Rxc5 56. Rxa2 Rb5+ 57. Kc4 Rg5 58. Ra6+ Kb7 59.
Ra2 Rg4+ 60. Kd3 Kc7 61. Ke3 Kd7 62. Kf3 Rg5 63. h3 Rf5+ 64. Ke3 Ke7 65. Rd2
Rf6 66. Ke4 Re6+ 67. Kf4 Rd6 68. Re2+ Re6 69. Rb2 Rf6+ 70. Kg5 Re6 71. Kh6 Kf6
72. g4 hxg4 73. hxg4 Re3 74. Rf2+ Ke6 75. Kg7 Re4 76. Rf6+ Ke7 77. Rxf7+ Ke6
78. Rf6+ Ke5 79. g5 Rg4 80. Kxg6 {Time forfeit} 1-0

[Event "Rated Blitz game"]
[Site "?"]
[Date "2021.07.17"]
[Round "?"]
[White "Davigator"]
[Black "Litti"]
[Result "1-0"]
[WhiteElo "2439"]
[BlackElo "2439"]
[PlyCount "47"]
[EventDate "2021.??.??"]
[EventType "blitz"]

1. e4 e5 2. Nf3 d5 3. Nxe5 Bd6 4. d4 dxe4 5. Nc4 Nf6 6. Be3 O-O 7. Nc3 Nc6 8.
Be2 Re8 9. Nxd6 Qxd6 10. a3 a6 11. Qd2 Bf5 12. h3 h6 13. g4 Bh7 14. g5 hxg5 15.
d5 Ne5 16. Bxg5 Kh8 17. O-O-O b5 18. Qd4 Ned7 19. Bg4 Reb8 20. Bxd7 Nxd7 21.
Nxe4 Qg6 22. f3 Nb6 23. Rhg1 Nc4 24. Bf4 {Normal} 1-0

[Event "Rated Blitz tournament byk1xt4T"]
[Site "?"]
[Date "2021.07.17"]
[Round "?"]
[White "doCdo"]
[Black "Bis_Kecil_BKD"]
[Result "0-1"]
[WhiteElo "2268"]
[BlackElo "2503"]
[PlyCount "40"]
[EventDate "2021.??.??"]
[EventType "blitz"]

1. e4 e5 2. Nf3 d5 3. Nxe5 dxe4 4. d4 Nd7 5. Nxd7 Bxd7 6. Be3 Nf6 7. Be2 Bd6 8.
Nd2 h5 9. c4 c6 10. Qc2 Bf5 11. O-O-O Qa5 12. Kb1 O-O-O 13. Nb3 Qa4 14. h3 Bg6
15. d5 cxd5 16. cxd5+ Kb8 17. Rd4 Qd7 18. Rhd1 Rc8 19. Qxc8+ Rxc8 20. Rxe4
Bxe4+ {Normal} 0-1

[Event "Rated Blitz tournament Tsg4h2PI"]
[Site "?"]
[Date "2021.07.17"]
[Round "?"]
[White "Lutuimaamaro"]
[Black "Secret2700"]
[Result "0-1"]
[WhiteElo "2371"]
[BlackElo "2501"]
[PlyCount "54"]
[EventDate "2021.??.??"]
[EventType "blitz"]

1. e4 e5 2. Nf3 d5 3. exd5 e4 4. Qe2 Nf6 5. d3 Bb4+ 6. Nc3 O-O 7. dxe4 Nxe4 8.
Bd2 Nxc3 9. bxc3 Re8 10. Ne5 Bd6 11. f4 f6 12. O-O-O fxe5 13. f5 Bxf5 14. Qb5
Nd7 15. c4 a6 16. Qb3 b5 17. cxb5 axb5 18. Bxb5 Nc5 19. Qc4 Bd7 20. Bc6 Bxc6
21. dxc6+ Kh8 22. Bb4 Qe7 23. a3 Reb8 24. Rhf1 Qg5+ 25. Kb2 Na4+ 26. Ka2 Bxb4
27. Rb1 Nc3+ {Normal} 0-1

[Event "Rated Blitz game"]
[Site "?"]
[Date "2021.07.17"]
[Round "?"]
[White "alirezathenext"]
[Black "NaestvedVinderAltid"]
[Result "1-0"]
[WhiteElo "2441"]
[BlackElo "2361"]
[PlyCount "55"]
[EventDate "2021.??.??"]
[EventType "blitz"]

1. e4 e5 2. Nf3 d5 3. exd5 e4 4. Qe2 Nf6 5. d3 Qxd5 6. Nbd2 Bb4 7. c3 Be7 8.
Nxe4 O-O 9. Bg5 Qf5 10. O-O-O Nc6 11. Nxf6+ Bxf6 12. Bxf6 Qxf6 13. d4 Bg4 14.
h3 Bh5 15. g4 Bg6 16. Ne5 Nxe5 17. Qxe5 Qxf2 18. Bd3 Rae8 19. Qh2 Qf6 20. Bxg6
Qxg6 21. Rhe1 Qa6 22. a3 Re6 23. Qxc7 Rc6 24. Qe7 h6 25. d5 Rb6 26. d6 Qb5 27.
Rd2 Qb3 28. Qxf8+ {Normal} 1-0

[Event "Rated Blitz tournament kYYngTaR"]
[Site "?"]
[Date "2021.07.17"]
[Round "?"]
[White "SergAnt89"]
[Black "batasjon"]
[Result "0-1"]
[WhiteElo "2266"]
[BlackElo "2409"]
[PlyCount "60"]
[EventDate "2021.??.??"]
[EventType "blitz"]

1. e4 e5 2. Nf3 d5 3. exd5 e4 4. Ne5 Qxd5 5. d4 exd3 6. Nxd3 Nf6 7. Nc3 Qf5 8.
Be2 Bd6 9. O-O O-O 10. Bf3 Nc6 11. Be3 Bd7 12. a3 a6 13. h3 Ne5 14. Nxe5 Qxe5
15. g3 Bxh3 16. Re1 Qf5 17. Bg2 Bxg2 18. Kxg2 Ng4 19. Qd5 Nxe3+ 20. Rxe3 Qxc2
21. Qxb7 Rab8 22. Qxa6 Rxb2 23. Rf1 Rb3 24. Nd5 Rxe3 25. Nxe3 Qe4+ 26. Kh2 h5
27. Qc4 Qf3 28. Qh4 Bxa3 29. Rd1 Qxf2+ 30. Kh3 Qxe3 {Normal} 0-1

[Event "Rated Blitz game"]
[Site "?"]
[Date "2021.07.17"]
[Round "?"]
[White "steauaenumaiuna"]
[Black "rofaidah"]
[Result "1-0"]
[WhiteElo "2383"]
[BlackElo "2415"]
[PlyCount "53"]
[EventDate "2021.??.??"]
[EventType "blitz"]

1. e4 e5 2. Nf3 d5 3. d4 dxe4 4. Nxe5 Be6 5. Bc4 Nf6 6. Bxe6 fxe6 7. O-O Bd6 8.
Nc4 O-O 9. Nc3 h5 10. Nxd6 cxd6 11. Bg5 d5 12. Bxf6 Rxf6 13. Qxh5 Nc6 14. Ne2
Qc7 15. Ng3 Nxd4 16. c3 Nf5 17. Nxf5 Rxf5 18. Qg6 Rf6 19. Qg3 Qb6 20. Rab1 Raf8
21. b3 a5 22. Qe3 Qd6 23. Rbd1 b5 24. Qxe4 Rh6 25. h3 Rf4 26. Qe3 Re4 27. Qxe4
{Normal} 1-0

[Event "Rated Blitz tournament Tsg4h2PI"]
[Site "?"]
[Date "2021.07.17"]
[Round "?"]
[White "PateaQlitos"]
[Black "Secret2700"]
[Result "0-1"]
[WhiteElo "2428"]
[BlackElo "2505"]
[PlyCount "38"]
[EventDate "2021.??.??"]
[EventType "blitz"]

1. e4 e5 2. Nf3 d5 3. exd5 e4 4. Nd4 Nf6 5. Nc3 Nxd5 6. Nb3 Nxc3 7. bxc3 Nc6 8.
Bc4 Bd6 9. Qh5 O-O 10. O-O Ne5 11. Be2 g6 12. Qh6 Bg4 13. Bxg4 Nxg4 14. Qh3
Nxh2 15. Re1 f5 16. d4 Ng4 17. c4 Be7 18. Bf4 Bg5 19. Qg3 Bh4 {Normal} 0-1

[Event "Rated Blitz game"]
[Site "?"]
[Date "2021.07.17"]
[Round "?"]
[White "foreignaffairs"]
[Black "Schachelite"]
[Result "0-1"]
[WhiteElo "2300"]
[BlackElo "2450"]
[PlyCount "76"]
[EventDate "2021.??.??"]
[EventType "blitz"]

1. e4 e5 2. Nf3 d5 3. exd5 e4 4. Ne5 Qxd5 5. d4 exd3 6. Nxd3 Nf6 7. Nc3 Qf5 8.
Be2 Bd6 9. O-O O-O 10. Bf3 Nc6 11. Ne2 Be6 12. Nef4 Rad8 13. Nxe6 fxe6 14. c3
e5 15. Qb3+ Kh8 16. Qxb7 Qxd3 17. Bxc6 e4 18. Be3 Ng4 19. Bxe4 Bxh2+ 20. Kh1
Qd6 21. Qb4 Nxe3 22. Qxd6 Bxd6 23. fxe3 Rfe8 24. Bf3 Rxe3 25. Rfe1 Rde8 26.
Rxe3 Rxe3 27. Rd1 g6 28. Kg1 Kg7 29. Kf2 Bc5 30. Kf1 Re7 31. b4 Bb6 32. c4 Be3
33. Rd8 h5 34. c5 Bf4 35. Bc6 Kf6 36. Rd7 Re6 37. Bd5 Re3 38. Rf7+ Kg5 {
Time forfeit} 0-1

[Event "Rated Blitz game"]
[Site "?"]
[Date "2021.07.17"]
[Round "?"]
[White "junhaopro"]
[Black "DanielPerchman"]
[Result "1/2-1/2"]
[WhiteElo "2470"]
[BlackElo "2418"]
[PlyCount "107"]
[EventDate "2021.??.??"]
[EventType "blitz"]

1. e4 e5 2. Nf3 d5 3. exd5 e4 4. Ne5 Qxd5 5. d4 exd3 6. Nxd3 Nf6 7. Nc3 Qf5 8.
Be2 Bd6 9. Be3 Nc6 10. Qd2 O-O 11. O-O Ng4 12. Bxg4 Qxg4 13. Bf4 Be7 14. Bxc7
Bf5 15. Nd5 Bg5 16. Ne3 Qh5 17. Nf4 Bxf4 18. Bxf4 Rad8 19. Qc3 Nd4 20. Kh1 Be4
21. Bg3 Ne2 22. Qe5 Nxg3+ 23. Qxg3 Rd2 24. Rad1 Rxd1 25. Rxd1 f5 26. Qf4 g5 27.
Qe5 Re8 28. Qf6 Qg6 29. Qxg6+ hxg6 30. c3 Bc6 31. Kg1 f4 32. Nc4 Re2 33. Kf1
Rc2 34. b3 Rxa2 35. Rd8+ Kf7 36. f3 Ke6 37. Rc8 Bb5 38. Rc5 Bxc4+ 39. Rxc4 Rb2
40. Rb4 b6 41. c4 Kd6 42. Rb5 Kc6 43. Rxg5 a6 44. Rxg6+ Kc5 45. Rg5+ Kb4 46.
Rg6 Kc3 47. Rxb6 Rb1+ 48. Ke2 Rb2+ 49. Kf1 Rb1+ 50. Kf2 Rb2+ 51. Ke1 Rb1+ 52.
Ke2 Rb2+ 53. Kd1 Rb1+ 54. Ke2 {Normal} 1/2-1/2

[Event "Rated Blitz tournament kYYngTaR"]
[Site "?"]
[Date "2021.07.17"]
[Round "?"]
[White "levangog"]
[Black "batasjon"]
[Result "1-0"]
[WhiteElo "2226"]
[BlackElo "2417"]
[PlyCount "47"]
[EventDate "2021.??.??"]
[EventType "blitz"]

1. e4 e5 2. Nf3 d5 3. Nxe5 Bd6 4. d4 dxe4 5. Qe2 Nf6 6. Bg5 O-O 7. Nc3 Be7 8.
O-O-O Bf5 9. g4 Bg6 10. h4 h5 11. Bxf6 Bxf6 12. Nxg6 fxg6 13. Qxe4 Qe8 14. Qd5+
Kh8 15. gxh5 gxh5 16. Bd3 Nc6 17. Rhg1 Rd8 18. Qf5 g6 19. Rxg6 Bg7 20. Qxh5+
Kg8 21. Bc4+ Rf7 22. Rdg1 Kf8 23. Rxg7 Rxg7 24. Qh8+ {Normal} 1-0

[Event "Rated Blitz game"]
[Site "?"]
[Date "2021.07.17"]
[Round "?"]
[White "goldawn"]
[Black "blastol"]
[Result "0-1"]
[WhiteElo "2428"]
[BlackElo "2437"]
[PlyCount "56"]
[EventDate "2021.??.??"]
[EventType "blitz"]

1. e4 e5 2. Nf3 d5 3. exd5 Bd6 4. d4 e4 5. Ne5 Nf6 6. Bb5+ c6 7. dxc6 bxc6 8.
Nxc6 Qb6 9. Nxa7+ Bd7 10. Bxd7+ Nbxd7 11. O-O Rxa7 12. c4 Qc7 13. h3 Qxc4 14.
Nc3 O-O 15. Be3 Rb8 16. Rc1 Rxb2 17. Nxe4 Qe6 18. Nxd6 Qxd6 19. Rc8+ Nf8 20. d5
Rc7 21. Rxc7 Qxc7 22. d6 Qd7 23. Qd4 Rxa2 24. Rd1 Ne6 25. Qh4 Ra4 26. Qg3 Ne4
27. Qe5 f6 28. Qd5 Nc3 {Normal} 0-1

[Event "Rated Blitz game"]
[Site "?"]
[Date "2021.07.17"]
[Round "?"]
[White "Ernesto_Aponte"]
[Black "magos33"]
[Result "0-1"]
[WhiteElo "2372"]
[BlackElo "2443"]
[PlyCount "64"]
[EventDate "2021.??.??"]
[EventType "blitz"]

1. e4 e5 2. Nf3 d5 3. Nxe5 Bd6 4. d4 dxe4 5. Bf4 Nf6 6. Nc3 O-O 7. Bc4 Qe7 8.
O-O Nbd7 9. Nxd7 Bxd7 10. Qd2 Rfe8 11. Rae1 Bf5 12. Bb3 Qd7 13. f3 Bxf4 14.
Qxf4 Qxd4+ 15. Kh1 Bg6 16. fxe4 Qe5 17. Qxe5 Rxe5 18. Rf3 c6 19. Rfe3 Rae8 20.
h3 Nxe4 21. Kg1 Kf8 22. Nxe4 Rxe4 23. Rxe4 Rxe4 24. Rd1 Ke7 25. Kf2 Re5 26. c3
Be4 27. Rd4 Bd5 28. Bxd5 cxd5 29. Ra4 a6 30. Rb4 b5 31. a4 Re4 32. Rxe4+ dxe4 {
Time forfeit} 0-1

[Event "Rated Blitz tournament Tsg4h2PI"]
[Site "?"]
[Date "2021.07.17"]
[Round "?"]
[White "ivana1234"]
[Black "dr_xStranger"]
[Result "0-1"]
[WhiteElo "2517"]
[BlackElo "2497"]
[PlyCount "54"]
[EventDate "2021.??.??"]
[EventType "blitz"]

1. e4 e5 2. Nf3 d5 3. Nxe5 Bd6 4. d4 dxe4 5. Nc4 Nf6 6. Nc3 O-O 7. Be2 Nc6 8.
d5 Ne5 9. Nxe5 Bxe5 10. Bc4 Qd6 11. h3 Re8 12. O-O Bf5 13. Re1 Qd7 14. Bf1 Bd6
15. Bg5 Qe7 16. Nb5 h6 17. Be3 Rad8 18. Bxa7 b6 19. a4 Nxd5 20. a5 Bc5 21. axb6
cxb6 22. Qh5 Bg6 23. Qg4 e3 24. fxe3 Nxe3 25. Rxe3 Qxe3+ 26. Kh2 Qg1+ 27. Kg3
Re3+ {Normal} 0-1

[Event "Rated Blitz tournament Tsg4h2PI"]
[Site "?"]
[Date "2021.07.17"]
[Round "?"]
[White "miguelnimzovich"]
[Black "om_gendut"]
[Result "1-0"]
[WhiteElo "2573"]
[BlackElo "2462"]
[PlyCount "101"]
[EventDate "2021.??.??"]
[EventType "blitz"]

1. e4 e5 2. Nf3 d5 3. Nc3 dxe4 4. Nxe4 Nf6 5. Nxf6+ Qxf6 6. d4 exd4 7. Qxd4 Be7
8. Bf4 Nc6 9. Bb5 Bd7 10. Qxf6 Bxf6 11. O-O-O O-O-O 12. Rhe1 Rhe8 13. Bc4 Be6
14. Bxe6+ Rxe6 15. Rxe6 Rxd1+ 16. Kxd1 fxe6 17. c3 e5 18. Be3 Kd7 19. Nd2 Ke6
20. Ne4 b6 21. Kc2 Ne7 22. c4 c5 23. f3 Nf5 24. Kd3 Nd6 25. Nxd6 Kxd6 26. Ke4
Ke6 27. a3 g6 28. b4 Be7 29. b5 Bf6 30. a4 Be7 31. Bd2 Bd6 32. a5 Bc7 33. a6
Bd6 34. g4 h5 35. gxh5 gxh5 36. h3 Bc7 37. Bg5 Bd6 38. Bd8 Bb8 39. h4 Kd7 40.
Bxb6 axb6 41. Kf5 Ke7 42. Kg6 Ke6 43. Kxh5 Kf5 44. Kh6 Kf4 45. h5 Kxf3 46. Kg6
e4 47. h6 e3 48. h7 Be5 49. a7 e2 50. a8=Q+ Kf2 51. Qe4 {Time forfeit} 1-0

[Event "Rated Blitz game"]
[Site "?"]
[Date "2021.07.17"]
[Round "?"]
[White "Webmc3"]
[Black "BrilliantGambiteer"]
[Result "1-0"]
[WhiteElo "2405"]
[BlackElo "2408"]
[PlyCount "51"]
[EventDate "2021.??.??"]
[EventType "blitz"]

1. e4 e5 2. Nf3 d5 3. exd5 Bd6 4. Nc3 f5 5. Bc4 Nf6 6. O-O O-O 7. d4 e4 8. Ne5
Qe7 9. f3 exf3 10. Qxf3 Kh8 11. Bf4 Ng4 12. Rae1 Nxe5 13. dxe5 Bb4 14. d6 Qd8
15. Rd1 cxd6 16. exd6 Bd7 17. Nd5 Bc5+ 18. Kh1 Nc6 19. c3 a5 20. Rfe1 g5 21. b4
axb4 22. cxb4 gxf4 23. Qc3+ Bd4 24. Rxd4 Nxd4 25. Qxd4+ Kg8 26. Ne7# {Normal}
1-0

[Event "Rated Blitz game"]
[Site "?"]
[Date "2021.07.17"]
[Round "?"]
[White "Vitaly_star"]
[Black "elrond"]
[Result "0-1"]
[WhiteElo "2318"]
[BlackElo "2415"]
[PlyCount "152"]
[EventDate "2021.??.??"]
[EventType "blitz"]

1. e4 e5 2. Nf3 d5 3. exd5 e4 4. Qe2 Nf6 5. Nc3 Be7 6. Nxe4 O-O 7. Nxf6+ Bxf6
8. Qd1 Re8+ 9. Be2 Qxd5 10. O-O c5 11. d3 Nc6 12. c3 Bf5 13. Be3 Rad8 14. d4
cxd4 15. cxd4 Nxd4 16. Nxd4 Bxd4 17. Bxd4 Qxd4 18. Qxd4 Rxd4 19. Bf3 b6 20. h3
Rd2 21. b3 Rc8 22. g4 Be6 23. Rfd1 Rcc2 24. Rxd2 Rxd2 25. Kg2 g5 26. b4 Rxa2
27. Rxa2 Bxa2 28. Bc6 a5 29. bxa5 bxa5 30. Ba4 Kf8 31. f4 h6 32. Kg3 Ke7 33. h4
f6 34. hxg5 fxg5 35. f5 Bc4 36. Kf3 Kd6 37. Bd1 Bd5+ 38. Ke3 Ke5 39. Ba4 Bc4
40. Kf3 Kd4 41. Kg3 Ke4 42. Be8 Ke5 43. Ba4 Kd6 44. Kf3 Ke5 45. Ke3 Bf7 46. Kf3
h5 47. gxh5 Bxh5+ 48. Kg3 Kxf5 49. Kf2 Kf4 50. Ke1 Bf3 51. Bd7 Be4 52. Kd2 Bf5
53. Bc6 g4 54. Bg2 Be4 55. Bf1 g3 56. Bh3 a4 57. Kc3 Bd5 58. Kb4 Bc6 59. Bf1
Ke3 60. Bh3 Kf2 61. Ka3 Bg2 62. Bd7 Bf3 63. Bh3 Bd1 64. Ka2 Kg1 65. Ka3 Kh2 66.
Bf1 Be2 67. Bxe2 g2 68. Bb5 g1=Q 69. Bxa4 Qc5+ 70. Kb3 Kg3 71. Bd7 Kf4 72. Be6
Ke3 73. Bc4 Kd2 74. Be6 Qb5+ 75. Ka3 Kc3 76. Ka2 Qb2# {Normal} 0-1

[Event "Rated Blitz tournament Tsg4h2PI"]
[Site "?"]
[Date "2021.07.17"]
[Round "?"]
[White "robin_hood08"]
[Black "dr_xStranger"]
[Result "1-0"]
[WhiteElo "2454"]
[BlackElo "2490"]
[PlyCount "105"]
[EventDate "2021.??.??"]
[EventType "blitz"]

1. e4 e5 2. Nf3 d5 3. Nxe5 Bd6 4. d4 dxe4 5. Nc4 Nf6 6. Be3 O-O 7. Be2 Re8 8.
Nxd6 Qxd6 9. c4 Nc6 10. Nc3 Nb4 11. a3 Nd3+ 12. Bxd3 exd3 13. Qxd3 Ng4 14.
O-O-O Bd7 15. h3 Nxe3 16. fxe3 Qh6 17. Rhe1 Rad8 18. Kb1 g6 19. Nd5 Qg5 20. e4
c6 21. Nc3 Qxg2 22. Ka1 Qxh3 23. Re3 Qh5 24. e5 Bf5 25. Qd2 Qg5 26. Qf2 Bg4 27.
Rg3 h5 28. Ne4 Qf5 29. Nf6+ Kg7 30. Qxf5 Bxf5 31. Nxe8+ Rxe8 32. Rf1 h4 33.
Rgg1 Bd3 34. Rf4 Bxc4 35. Rxh4 Rd8 36. Rgh1 Kf8 37. Rh8+ Ke7 38. Rxd8 Kxd8 39.
Rh8+ Kc7 40. Rb8 Be6 41. Rf8 Kb6 42. Kb1 c5 43. dxc5+ Kxc5 44. Kc2 Kd5 45. Rb8
Kxe5 46. Rxb7 g5 47. Rxa7 Kf4 48. Kd2 g4 49. Ke1 Kg3 50. Kf1 Kh2 51. Ra8 g3 52.
Rh8+ Bh3+ 53. Rxh3+ {Time forfeit} 1-0

[Event "Rated Blitz game"]
[Site "?"]
[Date "2021.07.17"]
[Round "?"]
[White "supertolchok"]
[Black "KamranShirazi"]
[Result "0-1"]
[WhiteElo "2474"]
[BlackElo "2568"]
[PlyCount "48"]
[EventDate "2021.??.??"]
[EventType "blitz"]

1. e4 e5 2. Nf3 d5 3. exd5 e4 4. Qe2 Nf6 5. d3 Bb4+ 6. c3 O-O 7. cxb4 exf3 8.
Qxf3 Re8+ 9. Be2 Bg4 10. O-O Bxf3 11. Bxf3 Nxd5 12. a3 Nc6 13. Nd2 Nd4 14. Bd1
Nf4 15. Nc4 Nfe2+ 16. Kh1 Nxc1 17. Rxc1 c6 18. Bg4 Qg5 19. Bh3 Re2 20. f4 Qh6
21. f5 Rae8 22. f6 Nf3 23. Nd6 Qf4 24. Rxf3 Qxc1+ {Normal} 0-1

[Event "Rated Blitz tournament kYYngTaR"]
[Site "?"]
[Date "2021.07.17"]
[Round "?"]
[White "El4in"]
[Black "batasjon"]
[Result "0-1"]
[WhiteElo "2290"]
[BlackElo "2405"]
[PlyCount "40"]
[EventDate "2021.??.??"]
[EventType "blitz"]

1. e4 e5 2. Nf3 d5 3. Nxe5 Bd6 4. d4 dxe4 5. Bf4 Nf6 6. Bc4 O-O 7. O-O Nc6 8.
Nxc6 bxc6 9. Bg3 Rb8 10. Bb3 Bxg3 11. hxg3 Ng4 12. Nd2 Qg5 13. Re1 Qh5 14. Nxe4
Qh2+ 15. Kf1 Qh1+ 16. Ke2 Qxg2 17. Qd3 Re8 18. Kd1 Bf5 19. Nf6+ gxf6 20. Qxf5
Nxf2+ {Normal} 0-1

[Event "Rated Blitz game"]
[Site "?"]
[Date "2021.07.17"]
[Round "?"]
[White "GoropadniPoni"]
[Black "artsportscience"]
[Result "1-0"]
[WhiteElo "2410"]
[BlackElo "2348"]
[PlyCount "57"]
[EventDate "2021.??.??"]
[EventType "blitz"]

1. e4 e5 2. Nf3 d5 3. Nc3 dxe4 4. Nxe4 f5 5. Nc3 e4 6. Ng1 Nf6 7. d3 exd3 8.
Bxd3 Bd6 9. Nf3 O-O 10. O-O Nc6 11. a3 Be6 12. Bg5 h6 13. Bxf6 Qxf6 14. Re1
Rae8 15. Nb5 Qxb2 16. Nxd6 cxd6 17. Rxe6 Rxe6 18. Bc4 Nd8 19. Nd4 Rfe8 20. Nxe6
Nxe6 21. Rb1 Qe5 22. Rxb7 Kh8 23. g3 Ng5 24. Bf1 Qe4 25. Rb3 f4 26. h4 fxg3 27.
hxg5 gxf2+ 28. Kxf2 Qd4+ 29. Qxd4 {Normal} 1-0

[Event "Rated Blitz game"]
[Site "?"]
[Date "2021.07.17"]
[Round "?"]
[White "nuevo2000"]
[Black "magos33"]
[Result "0-1"]
[WhiteElo "2346"]
[BlackElo "2446"]
[PlyCount "38"]
[EventDate "2021.??.??"]
[EventType "blitz"]

1. e4 e5 2. Nf3 d5 3. d4 dxe4 4. Nxe5 Bd6 5. Nc3 Bxe5 6. dxe5 Qxd1+ 7. Nxd1 Nc6
8. Bf4 Nge7 9. Nc3 Ng6 10. Bb5 Bd7 11. O-O-O Nxf4 12. Nxe4 O-O-O 13. Ng5 Nxe5
14. Bxd7+ Rxd7 15. Rxd7 Kxd7 16. g3 Ne6 17. f4 Nxg5 18. fxe5 Ke6 19. h4 Nf3 {
Normal} 0-1

[Event "Rated Blitz tournament Tsg4h2PI"]
[Site "?"]
[Date "2021.07.17"]
[Round "?"]
[White "FlamingFM"]
[Black "om_gendut"]
[Result "0-1"]
[WhiteElo "2703"]
[BlackElo "2445"]
[PlyCount "156"]
[EventDate "2021.??.??"]
[EventType "blitz"]

1. e4 e5 2. Nf3 d5 3. exd5 e4 4. Qe2 Be7 5. Qxe4 Nf6 6. Bb5+ Nbd7 7. Qe2 O-O 8.
d4 Nxd5 9. O-O c6 10. Bc4 N7b6 11. Bb3 Bg4 12. Qd3 Bh5 13. Ne5 a5 14. c4 Nb4
15. Qh3 a4 16. Qxh5 axb3 17. Na3 Nxa2 18. Be3 f6 19. Nd3 Bxa3 20. bxa3 Nxc4 21.
Nc5 Qd5 22. Qxd5+ cxd5 23. Nxb3 Rxa3 24. Nc5 b6 25. Ne6 Rfa8 26. Nc7 R8a5 27.
Rfb1 Nc3 28. Rxa3 Rxa3 29. Re1 Ra2 30. h3 Ra7 31. Ne6 g5 32. f4 Kf7 33. f5 Ra2
34. Kh2 Ne4 35. Bg1 b5 36. Nc5 Ned6 37. Re6 Ra7 38. Re1 Re7 39. Rf1 Nd2 40. g4
N2e4 41. Nd3 Nd2 42. Rf2 N2e4 43. Re2 Rb7 44. Rb2 Nc4 45. Nc5 Nxc5 46. Rb4 Ne4
47. Rb1 Rd7 48. Kg2 Ned6 49. Kf3 Nd2+ 50. Ke2 Nxb1 51. Kd3 Nc3 52. Kxc3 Ne4+
53. Kb4 h5 54. h4 hxg4 55. hxg5 Nxg5 56. Kc5 Nf3 57. Bf2 Rc7+ 58. Kxd5 Rc2 59.
Bg3 Rg2 60. Bf4 b4 61. Ke4 b3 62. d5 b2 63. Bc1 bxc1=Q 64. d6 Qe1+ 65. Kd5 Rd2+
66. Kc6 Qc1+ 67. Kd7 Rxd6+ 68. Kxd6 Qd2+ 69. Kc6 Qe3 70. Kb7 g3 71. Kc8 g2 72.
Kd7 g1=Q 73. Kc6 Qd1 74. Kb7 Qee2 75. Kb6 Qec2 76. Ka5 Qa1+ 77. Kb4 Qab1+ 78.
Ka3 Qca2# {Normal} 0-1

[Event "Rated Blitz tournament Tsg4h2PI"]
[Site "?"]
[Date "2021.07.17"]
[Round "?"]
[White "Brave_spirit12"]
[Black "babageldi2277"]
[Result "0-1"]
[WhiteElo "2413"]
[BlackElo "2772"]
[PlyCount "67"]
[EventDate "2021.??.??"]
[EventType "blitz"]

1. e4 e5 2. Nf3 d5 3. Nxe5 Bd6 4. d4 dxe4 5. Nc4 Nf6 6. Bg5 O-O 7. Nc3 Nc6 8.
Be2 Be7 9. d5 Nxd5 10. Qxd5 Bxg5 11. Qxd8 Rxd8 12. Nxe4 Be7 13. O-O Bf5 14. Nc3
Bxc2 15. Rac1 Bg6 16. Bf3 Nd4 17. Bxb7 Rab8 18. Na5 h6 19. Nc6 Nxc6 20. Bxc6
Rxb2 21. Nd5 Bd6 22. a4 Kf8 23. Rfe1 a5 24. Rcd1 Bc5 25. Nxc7 Bxf2+ 26. Kf1 Rc8
27. Bd7 Bxe1 28. Bxc8 Bh4 29. g3 Rxh2 30. Kg1 Bxg3 31. Rd8+ Ke7 32. Rd7+ Kf6
33. Nd5+ Ke5 34. Ne3 {Normal} 0-1